000 00594nam a2200169Ia 4500
005 20250423100821.0
008 250422s9999 xx 000 0 und d
020 _a9780821311981
050 _aHE 8342 .B56/
100 _aEdited by Björn Wellenius ... [et al.].
245 0 _aRestructuring and managing the telecommunications sector
260 _aWashington, D.C.
260 _bWorld Bank
260 _c1990
650 _aTelecommunication--Asia--Congresses. Telecommunication policy--Asia--Congresses. Telecommunication--Congresses. Telecommunication policy--Congresses.
942 _cBK
999 _c34427
_d34427